| 000 | 01771nam a2200325 a 4500 | ||
|---|---|---|---|
| 001 | BRCA_3007 | ||
| 005 | 20190320204052.0 | ||
| 008 | 200109s1717----ne-a---###---#000-0#fre-u | ||
| 041 | _afre | ||
| 044 | _ane | ||
| 084 |
_a328 _b.W47 _c1717 |
||
| 100 | 1 |
_aCervantes Saavedra, Miguel de _d1547-1616 _9213 |
|
| 245 | 1 | 0 |
_aHistoire de L´Admirable Don Quichotte de la Manche _cMiguel de Cervantes Saavedra ; Traduit por Filleau de Saint-Martin. |
| 260 |
_aAmsterdam _bFreres Westein _c1717 |
||
| 300 |
_a6 v. _bil. _c14 cm. |
||
| 500 | _aContenido : v 1. Primera parte. Privilegio en holandés. Texto. -- v 2. Dedicatoria y advertencia del traductor. Texto. -- v 3. Segunda parte. Texto. -- v 4. Texto. -- v 5. Primera parte de la continuación del traductor. Texto. -- v 6. Segunda parte de la continuación del traductor | ||
| 500 | _aEdción : Nouvelle Edition Revueé Corrigée et Augmentée | ||
| 500 | _aReproducción de la impresa en Amsterdam, en 1700, por Pierre Mortier, y reimpresión del tomo VI de la edición anterior con la terminación del Quijote por su traductor. Piel; lomeras decoradas con dorados Lúdovik Osterc | ||
| 500 | _aEstado físico : Presenta anotaciones manuscritas (nombre yfecha). Los voluúmenes 1, 2 y 4 presentan la encuadernación ligeramente dañada | ||
| 500 | _aQM811 | ||
| 546 | _aTexto en : francés | ||
| 650 | 1 | 4 |
_aNovela española _yÉpoca clásica, 1500-1700 _9215 |
| 650 | 1 | 4 |
_aLiteratura española _yÉpoca clásica, 1500-1700 _9216 |
| 650 | 1 | 4 |
_aNovela española _ySiglo XVII _9217 |
| 650 | 1 | 4 |
_aDon Quijote (Personaje ficticio) _eNovela _9218 |
| 700 | 1 |
_aSaint-Martin, Francois Filleau de _d1632-1695 _eTraductor _98300 |
|
| 740 | 0 | _aEl Ingenioso Hidalgo Don Quijote de la Mancha | |
| 902 | _aQFM | ||
| 942 |
_2lcc _cB |
||
| 999 |
_c2745 _d2745 |
||